000 00640ntaaa2200205 4500
003 01
005 20251027202110.0
008 0714s1973 ag 01
040 _aAR-BaBN
_bspa
_cAR-BaBN
_eaacr
_dRIC
082 _a252.0420 Ed9
100 _aEdwards, Jonathan
_915820
245 _aSelect works of Jonathan Edwards
250 _a1 ed.
260 _aLondon :
_bBanner of Truth Trust,
_c1736, 1961
300 _a3 tomos
500 _aLas obras principales de Jonathan Edwards. Tomo I: Surprising conversions-sermons: Tomo II: Sermons: Tomo III: The religious affections
650 _ateologĂ­a
650 _asermones
_9362
942 _cBK
999 _c15848
_d15848